| 000 | 00864nam a2200277Ia 4500 | ||
|---|---|---|---|
| 003 | OSt | ||
| 005 | 20221007125821.0 | ||
| 006 | a|||||r|||| 00| 0 | ||
| 007 | ta | ||
| 008 | 221006b |||||||| |||| 00| 0 eng d | ||
| 020 | _a9780495560227 (pbk) | ||
| 037 |
_b1287, 23/03/2011, Ashutosh Technical Books _cTextbook |
||
| 040 |
_aDGL _cDGL _beng |
||
| 041 |
_2eng _aeng |
||
| 082 | _aG:55, Q0 Carg | ||
| 100 |
_aMiller G Tyler _9230888 |
||
| 245 | 0 | _aEnvironmental science | |
| 250 | _a13 | ||
| 260 |
_aAustralia _bCengage Learning _c2010 |
||
| 300 |
_axxi, 545p. _ccm. |
||
| 500 | _aGlossary G1-G16p.; Index I1-II15p. | ||
| 650 | _aGeology | ||
| 700 |
_a Spoolman Scott E _9722569 |
||
| 942 |
_hG:55, Q0 Carg _cTB _2CC |
||
| 999 |
_c1215870 _d1215870 |
||